| 000 | 00832cam a2200229 4500 | ||
|---|---|---|---|
| 001 | WB3912-11 | ||
| 008 | 030326n2003 000 0 eng u | ||
| 035 | _a(Sirsi) u121742 | ||
| 245 | _aProperty tops investment for 2002 | ||
| 260 | _c2003 | ||
| 490 |
_aIPD Press Release _v 3 March 2003 (2) |
||
| 520 | _aAccording to IPD figures, property has been the best performing UK asset over the last 3, 5 and 10 years. UK property total returns improved by 3% in 2002, rising from 6.7% in 2001, to 9.7%. The index can be downloaded from the IPD website http://www.ipdindex.co.uk | ||
| 590 | _aWB | ||
| 650 | _aASSET PERFORMANCE | ||
| 650 | _aTOTAL RETURNS | ||
| 650 | _aRENTAL VALUES | ||
| 650 | _aPROPERTY-COMMERCIAL PROPERTY | ||
| 650 | _aIPD UK ANNUAL INDEX | ||
| 650 | _aRANKINGS | ||
| 690 | _aINVESTMENT | ||
| 942 | _n0 | ||
| 999 |
_c72355 _d72355 |
||